000 00906cab a22002055a 4500
001 L146423
008 090116e20090116xxkao f 000 0 eng d
035 _a(Sirsi) u146423
041 0 _aeng
100 1 _aHatcher, David
245 0 0 _aRegional report
_bSouth Bank and south London
260 _c2009
490 0 _aProperty Week
_v75(3) 16 January 2009, 63-70(6)
520 _aReports from market news and deals from the region. Gives market-by-market view of the outer boroughs who tended to vote for Boris Johnson in the 2008 Mayoral elections. Reports on the planning process for the redevelopment of Elizabeth House. Reveals that Croydon Council's pioneering collaboration with a developer could provide a model for regeneration in the recession.
590 _aKA
651 4 _aLondon
690 _aPROPERTY-COMMERCIAL PROPERTY-COMMERCIAL PROPERTY MARKET
700 1 _aShah, Aditi
942 _n0
999 _c81148
_d81148